00942nam a2200253 i 4500001000300000245012000003246005200123250002500175260004400200300002900244500012000273650003000393700001700423700003900440020002200479040000800501041000900509080003000518920002500548942000700573008004100580999001700621952005000638bg00aWielki słownik polsko-niemiecki z suplementem.nT. 2,pP-Ż /cJan Piprek [et al. ; red. nauk. Gerard Koziełek].11aGrosswörterbuch Polnisch-Deutsch mit Nachtrag a[Wyd. 13, supl. 10]. aWarszawa :b"Wiedza Powszechna",c1998. aXVIII, 1207 s. ;c24 cm. aT. 1 pod hasłem : Piprek Jan, Ippoldt Juliusz. - Tyt. równol. : Grosswörterbuch Polnisch-Deutsch mit Nachtrag. 9aSłownik polsko-niemiecki1 aPIPREK, Jan.1 aKOZIEŁEK, Gerardd(1928- ).eRed. a8321407935 (2 t.) cBPK0 adepl a811.162.1::811.112.2]'374 a83-214-0793-5 (2 t.) cKS s pl f |000 0 pol  c34342d34342 00104071aBPKbBPKcmho47093p01379563yKS